01087 2200277 4500001002100000005001500021035002000036007000300056008004100059020002200100082001200122084002100134100001600155245004700171250003100218300004100249520033800290264003600628336002100664337003000685338002300715650001000738504002900748990001600777990001600793INLIS00000000116536420250325010405 a0010-0325000089ta250325 g | ind  a978-623-02-8871-5 a305.899 aSR 305.899 ERI b0 aEri Barlian1 aBaduy di tengah modernisasi /cEri Barlian aCetakan pertama, Juli 2024 ax, 171 halaman :bilustrasi ;c25 cm aSuku Baduy termasuk sub-suku dari suku Sunda, mereka disebut sebagai masyarakat Sunda yang belum terpengaruh modernisasi atau kelompok yang hampir sepenuhnya terasing dari dunia luar. Buku ini mendeskripsikan kondisi realita suku Baduy yang memperlakukan alan sesuai kodratnya sehingga suku Baduy bisa bertahan di tengah modernisasi. aYogyakarta :bDeepublish,c2024 2rdacontentaTeks 2rdamediaaTanpa perantara 2rdacarrieraVolume 4aBaduy aBibliografi halaman: 156 a55611.68431 a55611.68431